Normal view
MARC view
Entry Topical Term
001 - CONTROL NUMBER
- control field: 282608
003 - CONTROL NUMBER IDENTIFIER
- control field: MY-SjTCS
005 - DATE AND TIME OF LATEST TRANSACTION
- control field: 20200306170259.0
008 - FIXED-LENGTH DATA ELEMENTS
- fixed length control field: 200306|| aca||aabn | a|a d
040 ## - CATALOGING SOURCE
- Original cataloging agency: MY-SjTCS
- Transcribing agency: MY-SjTCS
150 ## - HEADING--TOPICAL TERM
- Topical term or geographic name entry element: Semiconductors
670 ## - SOURCE DATA FOUND
- Source citation: Work cat.: (MY-SjTCS)61243: IEEE Lester Eastman Conference on High Performance Devices (2006 : Cornell University) 282607, Advanced semiconductor devices, c2007.